Statistics for 'Y' things

Click here to take the quiz!

General Stats

  • This quiz has been taken 17 times
  • The average score is 3 of 16

Answer Stats

HintAnswer% Correct
The line on a graph that goes verticallyY Axis
87%
Another word for three-way intersectionY junction
47%
British slang for a type of undergarmentY Fronts
40%
Star fighters used by the rebel allianceY-Wing
27%
Generally, male mammals have this, but in birds it's found in femalesY Chromosome
27%
Mumbai based film production and distribution companyY-Films
13%
Method widely used for measuring the gain and noise temperature of an amplifierY Factor
7%
Hill directly east of Brigham Young UniversityY Mountain
7%
Tributary of the Vashka in northern RUssiaY River
7%
Deep-water AnguilliformY-bar moray eel
7%
Main public building for the Welsh National AssemblyY Senedd
7%
A hypothetical component of a quarkY-Particle
0%
British signals intelligence collection sites established during WWIY-Stations
0%
The 16th studio album by Ringo StarrY Not
0%
Another name for Syngamus tracheaY Worm
0%
Sri Lankan scholar in Buddhist studiesY Karunadasa
0%

Score Distribution

Percentile by Number Answered

Percent of People with Each Score

Your Score History

You have not taken this quiz